| 000 | 00685nam a2200217Ia 4500 | ||
|---|---|---|---|
| 008 | 240729s9999 xx 000 0 und d | ||
| 022 | _a2590-051X | ||
| 245 | 0 | _aResearch in Globalization | |
| 260 | _aUnited Kingdom | ||
| 260 | _bElsevier | ||
| 650 | _a Cities. Urban geography | Social Sciences | ||
| 650 | _a Communities. Classes. Races | ||
| 650 | _a Human ecology. Anthropogeography | ||
| 650 | _a Settlements | ||
| 650 | _a Urban groups. The city. Urban sociology | ||
| 650 | _a Urbanization. City and country | ||
| 650 | _aGeography. Anthropology. Recreation | ||
| 856 | _uhttps://doaj.org/toc/3ccdabbf6cc346adabeca39545d8dc1e | ||
| 942 | _2ddc | ||
| 942 | _cDOAJEJ | ||
| 999 |
_c71928 _d71928 |
||
| 945 |
_a1 _bMadushi Gamage _c1 _dMadushi Gamage |
||